00544 2200169 4500001002100000005001500021008004100036020001800077035001900095041000800114082001400122084002000136100003900156245011500195260003600310300002800346INLIS00000000000842020200508204357200508||||||||| | ||| |||| ||ind|| a9789792658583 0010-0520008420 aind0 a320.00598 a320.00598/SIF/S0 aUstadz Yazid bin Abdul Qadir Jawas00aSifat wudhu nabi: definisi , kedudukan , keutamaan , tata cara , syarat , adab , serta pembantalan wudhu , dll aBogorbCV. media tarbiyahc2008 a160 hal ,; 21 cmc21 cm